[Event "SRB-chT 1st League"]
[Site "Valjevo"]
[Date "2010.09.24"]
[Round "9"]
[White "Rasic, Goran"]
[Black "Kostic, Nebojsa"]
[Result "0-1"]
[WhiteElo "2219"]
[BlackElo "2334"]
[PlyCount "66"]
[EventDate "2010.09.18"]
[EventType "team"]
[EventRounds "11"]
[EventCountry "SRB"]
[SourceTitle "CBM 138 Extra"]
[Source "ChessBase"]
[SourceDate "2010.10.29"]
[SourceVersion "1"]
[SourceVersionDate "2010.10.29"]
[SourceQuality "1"]

1. d4 c5 2. d5 f5 3. c4 g6 4. Nc3 Bg7 5. g3 Bxc3+ 6. bxc3 Qa5 7. Qd3 d6 8. Nh3 Nd7 9. f4 Ngf6 10. Nf2 Nb6 11. Bd2 Bd7 12. e3 0-0-0 13. a4 Rhe8 14. Be2 e6 15. 0-0 e5 16. Qc2 exf4 17. gxf4 Ne4 18. Nxe4 Rxe4 19. Bd3 Rde8 20. Bxe4 Rxe4 21. Rf3 Rxc4 22. Rh3 h5 23. Rg3 Be8 24. e4 Rxe4 25. Re3 Rxe3 26. Bxe3 Nxd5 27. Bf2 Qxc3 28. Qxc3 Nxc3 29. a5 Kc7 30. Kf1 Kc6 31. Be1 Ne4 32. Ke2 d5 33. Rb1 d4 0-1

[Event "SRB-chT 1st League"]
[Site "Valjevo"]
[Date "2010.09.22"]
[Round "7"]
[White "Rasic, Goran"]
[Black "Ilic, Aleksandar R"]
[Result "1-0"]
[WhiteElo "2219"]
[BlackElo "2152"]
[PlyCount "82"]
[EventDate "2010.09.18"]
[EventType "team"]
[EventRounds "11"]
[EventCountry "SRB"]
[SourceTitle "CBM 138 Extra"]
[Source "ChessBase"]
[SourceDate "2010.10.29"]
[SourceVersion "1"]
[SourceVersionDate "2010.10.29"]
[SourceQuality "1"]

1. c4 e5 2. Nc3 Nf6 3. g3 d5 4. cxd5 Nxd5 5. Bg2 Nb6 6. Nf3 Nc6 7. d3 Be7 8. 0-0 Be6 9. Bd2 0-0 10. Rc1 f6 11. a3 Qd7 12. Ne4 Bh3 13. Nc5 Bxc5 14. Rxc5 Bxg2 15. Kxg2 Rad8 16. Qb3+ Qf7 17. Qxf7+ Rxf7 18. Rfc1 Rd5 19. Be3 Rxc5 20. Rxc5 Nd7 21. Rc4 Nf8 22. Nd2 Ne6 23. Nb3 Rd7 24. Nc5 Nxc5 25. Rxc5 a6 26. f4 Kf7 27. fxe5 Nxe5 28. Bf4 b6 29. Rc3 c5 30. Be3 Rd5 31. b4 cxb4 32. axb4 Rb5 33. Bd2 a5 34. d4 Nd7 35. bxa5 bxa5 36. Rc7 Ke6 37. Kf3 Rb3+ 38. Kf2 a4 39. Ra7 a3 40. d5+ Kxd5 41. Rxd7+ Kc4 1-0

[Event "SRB-chT 1st League"]
[Site "Valjevo"]
[Date "2010.09.18"]
[Round "1"]
[White "Djoric, Dusan"]
[Black "Rasic, Goran"]
[Result "1/2-1/2"]
[WhiteElo "2300"]
[BlackElo "2219"]
[PlyCount "78"]
[EventDate "2010.09.18"]
[EventType "team"]
[EventRounds "11"]
[EventCountry "SRB"]
[SourceTitle "CBM 138 Extra"]
[Source "ChessBase"]
[SourceDate "2010.10.29"]
[SourceVersion "1"]
[SourceVersionDate "2010.10.29"]
[SourceQuality "1"]

1. d4 Nf6 2. Nf3 g6 3. c4 Bg7 4. Nc3 0-0 5. e4 d6 6. Be2 e5 7. 0-0 Nc6 8. d5 Nb8 9. Ne1 c5 10. Nd3 Nbd7 11. f4 exf4 12. Bxf4 Ne8 13. Qd2 Qe7 14. Rae1 Ne5 15. Nxe5 Bxe5 16. Bg5 f6 17. Bh6 Ng7 18. Bf4 Bd7 19. Bxe5 Qxe5 20. Qf4 Rae8 21. Qxe5 Rxe5 22. Bd3 Kf7 23. Nb1 Ne8 24. Nd2 Kg7 25. a3 Nc7 26. b4 Na6 27. b5 Nb8 28. Nb3 Bc8 29. a4 Re7 30. h3 Nd7 31. Nd2 Ne5 32. Bc2 h5 33. Re3 Rh8 34. Bd1 Rhe8 35. Bc2 h4 36. Rc3 g5 37. Bd1 Ng6 38. Bh5 Rf8 39. Bxg6 Kxg6 1/2-1/2

[Event "Nis Lokomotiva"]
[Site "Nis"]
[Date "2007.03.28"]
[Round "10"]
[White "Markovic, Dejan"]
[Black "Rasic, Goran"]
[Result "1/2-1/2"]
[WhiteElo "2271"]
[BlackElo "2217"]
[PlyCount "35"]
[EventDate "2007.03.19"]
[EventType "tourn"]
[EventRounds "10"]
[EventCountry "SRB"]
[SourceTitle "EXT 2023"]
[Source "ChessBase"]
[SourceDate "2022.10.05"]
[SourceVersion "1"]
[SourceVersionDate "2022.10.05"]
[SourceQuality "1"]

1. d4 c5 2. c3 d5 3. dxc5 e6 4. Nf3 Bxc5 5. e3 Nc6 6. Bb5 Nf6 7. 0-0 0-0 8. Nd4 Bd7 9. a4 e5 10. Nb3 Bd6 11. c4 e4 12. h3 Ne5 13. Bxd7 Qxd7 14. cxd5 Nf3+ 15. Kh1 Qf5 16. Nd4 Qe5 17. g3 Qh5 18. Kg2 1/2-1/2

[Event "Nis Lokomotiva"]
[Site "Nis"]
[Date "2007.03.22"]
[Round "4"]
[White "Vulicevic, Branimir"]
[Black "Rasic, Goran"]
[Result "1/2-1/2"]
[WhiteElo "2163"]
[BlackElo "2217"]
[PlyCount "74"]
[EventDate "2007.03.19"]
[EventType "tourn"]
[EventRounds "10"]
[EventCountry "SRB"]
[SourceTitle "EXT 2023"]
[Source "ChessBase"]
[SourceDate "2022.10.05"]
[SourceVersion "1"]
[SourceVersionDate "2022.10.05"]
[SourceQuality "1"]

1. Nf3 Nf6 2. c4 g6 3. Nc3 Bg7 4. b3 c5 5. Bb2 Nc6 6. d3 0-0 7. g3 d6 8. Bg2 Rb8 9. 0-0 a6 10. Qd2 b5 11. Rac1 Bg4 12. Nd5 Nxd5 13. Bxg7 Kxg7 14. cxd5 Bxf3 15. Bxf3 Nd4 16. Bg2 b4 17. e3 Nb5 18. Rc4 Nc3 19. Rh4 h5 20. d4 e6 21. dxc5 dxc5 22. e4 f5 23. exf5 Rxf5 24. Qe3 exd5 25. Qxc5 d4 26. Qc4 d3 27. Be4 Rf6 28. Bxd3 Qb6 29. Qd4 Rd8 30. Qxb6 Rxb6 31. Bc4 Rd2 32. Rf4 Ne2+ 33. Bxe2 Rxe2 34. Rc1 Rxa2 35. Rc7+ Kh6 36. h4 g5 37. hxg5+ Kxg5 1/2-1/2